JRのジョイフルトレイン・観光列車の愛称 - Statistics

General Stats
  • This quiz has been taken 25 times
    22 since last reset
  • The average score is 33 of 159
Answer Stats
車両 会社 現役期間 Answer % Correct
485 東日本 2011~2022 リゾートやまどり
67%
キハ183 北海道 1992〜2023 ノースレインボーエクスプレス
60%
485 東日本 1997~2022
60%
E3 東日本 2014~2022 とれいゆつばさ
60%
E3 東日本 2016~2020 現美新幹線
60%
787 九州 2020~現役 36ぷらす3
60%
キハ82 北海道 1986〜1998 フラノエクスプレス
53%
485 東日本 1994~2019
53%
キハ40・キハ48、HB-E300 東日本 1997~現役 リゾートしらかみ
53%
485 東日本 2006~2017
53%
HB-E300 東日本 2019~現役 海里
53%
トラ45000・キハ54 四国 2013~現役 しまんトロッコ
53%
キハ71、キハ72 九州 1989~現役 ゆふいんの森
53%
キハ125 九州 2009~現役 海幸山幸
53%
キハ185 九州 2011~現役 A列車で行こう
53%
キハ183 北海道 1989〜2019 クリスタルエクスプレス トマム&サホロ
47%
651 東日本 2016~2020 伊豆クレイル
47%
HB-E300 東日本 2023~現役 陽旅
47%
キハ189 西日本 2024~現役 はなあかり
47%
209 東日本 2018~現役 BOSO BICYCLE BASE
47%
キハ100・キハ110 東日本 2017~現役 HIGH RAIL 1375
47%
キハ58 東日本 1992~2018 Kenji
47%
キハ40・キハ48 東日本 2014~現役 越乃Shu*Kura
47%
485 東日本 2001~2019 きらきらうえつ
40%
キハ110 東日本 2015~現役 おいこっと
40%
キハ147 九州 2004~2022 はやとの風
40%
キハ47 九州 2022~現役 ふたつ星4047
40%
キハ183 北海道 1988〜2017 ニセコエクスプレス
33%
510 北海道 1993〜現役 ノロッコ号
33%
キハ261 北海道 2020〜現役 はまなす編成
33%
キハ261 北海道 2021〜現役 ラベンダー編成
33%
165 東日本 1986〜1996 なのはな
33%
485 東日本 1997~2016 ニューなのはな
33%
E655 東日本 2007~現役
33%
HB-E300 東日本 2010~2023 リゾートあすなろ
33%
12・14 西日本 1987~2018 あすか
33%
12 西日本 1998~2023 奥出雲おろち号
33%
キハ47 西日本 2005~2019 瀬戸内マリンビュー
33%
213 西日本 2016~現役 ラ・マル・ド・ボァ
33%
キハ47、キハ185 四国 2014~現役 伊予灘ものがたり
33%
キハ185 四国 2017~現役 四国まんなか千年ものがたり
33%
キハ47・キハ140 九州 1996~2023 いさぶろう・しんぺい
33%
キハ47 九州 2015~現役 或る列車
33%
キハ47 西日本 2020~現役 etSETOra
33%
485 東日本 2001~2018 NO.DO.KA
33%
117 西日本 2020~現役 WESTEXPRESS銀河
33%
キハ54 北海道 2017〜現役 流氷物語号
27%
キハ40 北海道 2019〜現役 山紫水明
27%
キハ58 東日本 1984〜1996 うみねこ
27%
12 東日本 1986〜2000 江戸
27%
165 東日本 1995~2001 アルファ
27%
485 東日本 1999~2010 やまなみ
27%
キハ48 東日本 2000~現役 びゅうコースター風っこ
27%
201 東日本 2001~2009 四季彩
27%
485 東日本 2001~2010 せせらぎ
27%
キハ48 東日本 2002~2011 うみねこ
27%
HB-E300 東日本 2010~現役 リゾートビューふるさと
27%
485 東日本 2012~2021 ジパング
27%
719 東日本 2015~2023 フルーティアふくしま
27%
205 東日本 2018~2023 いろは
27%
14 西日本 1983~2025 サロンカーなにわ
27%
キハ65 西日本 1988~2010 エーデル鳥取
27%
キハ47 西日本 2005~2017 みすゞ潮彩
27%
キハ47 西日本 2017~現役 〇〇のはなし
27%
キハ47 西日本 2018~現役 あめつち
27%
キハ32 四国 2014~現役 鉄道ホビートレイン
27%
HB-E300 東日本 2024~現役 SATONO
27%
キハ110 東日本 2013~現役 TOHOKU EMOTION
27%
キハ40 北海道 2018〜現役 北海道の恵み
20%
14 東日本 1983〜1997 サロンエクスプレス東京
20%
165 東日本 1987〜2001 パノラマエクスプレスアルプス
20%
キハ58 東日本 2003~2010 こがね
20%
キハ48 東日本 2008~2020 みのり
20%
12 東海 1985~2007 ユーロライナー
20%
キハ65 西日本 1988~2010 エーデル丹後
20%
キハ47 西日本 2015~現役 花嫁のれん
20%
50 四国 1987~1999 アイランドエクスプレス四国
20%
キハ58 四国 1988~1992 レインボー
20%
キハ32 四国 2011~現役 海洋堂ホビートレイン
20%
キハ185・キクハ32 四国 2020~現役 藍よしのがわトロッコ
20%
キハ185 四国 2020~現役 志国土佐時代の夜明けのものがたり
20%
キハ47 九州 2017~現役 かわせみやませみ
20%
E501 東日本 2023~現役 E501 SAKIGAKE
20%
キハ185 四国 1999~2021 アイランドエクスプレス四国II
20%
キハ56 北海道 1985~1995 アルファコンチネンタルエクスプレス
13%
キハ82 北海道 1987〜2002 トマムサホロエクスプレス
13%
485 東日本 1991~2018 リゾートエクスプレスゆう
13%
14 東日本 1997~2008 ゆとり
13%
キハ40 東日本 2000~2016 ふるさと
13%
キハ48 東日本 2002~2010 きらきらみちのく
13%
キハ48 東日本 2011~2023 クルージングトレイン
13%
キハ80 東海 1988~1995 リゾートライナー
13%
165 東海 1989~1999 ゆうゆう東海
13%
キハ58 西日本 1988~2003 リゾートサルーン・フェスタ
13%
キハ65・キハ28 西日本 1988~2006 ゴールデンエクスプレスアストル
13%
211・213 西日本 1988~2010 スーパーサルーンゆめじ
13%
キハ58・12 西日本 1989~2005 セイシェル
13%
キハ40 西日本 2015~現役 ベル・モンターニュ・エ・メール
13%
キハ47 西日本 2016~現役 ノスタルジー
13%
キハ40 西日本 2019~現役 うみやまむすび
13%
キハ58 九州 1988〜2002 アクアエクスプレス
13%
キハ47・キハ125 九州 2024~現役 かんぱち・いちろく
13%
キハ58 九州 2005~2010 あそ1962
13%
キハ100 東日本 2012~現役 POKÉMON with YOU トレイン
13%
キハ27、キハ56、キハ400、キハ183 北海道 1973~2018 くつろぎ
7%
12 東日本 1983〜1999 くつろぎ
7%
キハ58 東日本 1985〜1997 エレガンスアッキー
7%
キハ58 東日本 1987〜1988 サロンエクスプレスアルカディア
7%
12・14 東日本 1987〜2001 スーパーエクスプレスレインボー
7%
キハ58 東日本 1988〜2001 エーデルワイス
7%
165 東日本 1990~1995 シャトル・マイハマ
7%
50 東日本 1990~1996 ノスタルジックビュートレイン
7%
485 東日本 1990~2001 シルフィード
7%
キハ40 東日本 1995~2000 漫遊
7%
14 東日本 1995~2007 浪漫
7%
183 東日本 2003~2011 彩野
7%
キハ48 東日本 2011~2020 リゾートうみねこ
7%
キハ40・キハ48 東日本 2018~2020 あきたクルーズ号
7%
20 西日本 1984~1997 ホリデーパル
7%
12 西日本 1985~1993 ゆうゆうサロン岡山
7%
12 西日本 1989~2007 いきいきサロンきのくに
7%
12・24 西日本 1999~2007 きのくにシーサイド
7%
キハ40 西日本 2014~2019 天空の城 竹田城号
7%
キハ58 九州 1987~1993 ゆ〜とぴあ
7%
キハ58・キハ65 九州 1988~1994 サルーンエクスプレス
7%
117 東海 2010~2013 トレイン117
7%
キハ58 九州 1987~1994 BUNBUN
7%
キハ40 西日本 2022~現役 SAKU美SAKU楽
7%
12 東日本 1981〜1997 なごやか
0%
12 東日本 1983〜1995 白樺
0%
スロ81 東日本 1986〜1990 ふれあい
0%
12 東日本 1986〜2001 やすらぎ
0%
12 東日本 1986〜2002 ふれあいみちのく
0%
12 東日本 1987〜2000 オリエントサルーン
0%
キハ58 東日本 1989〜2003 グラシア
0%
キハ28・キハ58 東日本 1991~1997 こまち
0%
キハ28・キハ58 東日本 1997~2006 おばこ
0%
12 東海 1982~1997 いこい
0%
14 東海 1990~2005 ユーロピア
0%
12 西日本 1981~2008 旅路
0%
12 西日本 1985~1989 いこい
0%
キハ65 西日本 1986~1995 ゆぅトピア
0%
キハ58 西日本 1986~2007 ふれあいパル
0%
14 西日本 1988~2009 リゾート&シュプール
0%
キハ58 西日本 1989~1999 ビバ・ウエスト
0%
12 西日本 1993~2007 わくわく団らん
0%
12 西日本 1993~2011 ユウユウサロン岡山
0%
キハ58 四国 1988~1997 旅立ち
0%
キハ58・キハ65 九州 1986~1994 サウンドエクスプレスひのくに
0%
キハ58 九州 1987~1989 吉四六
0%
12 九州 1987~1994 パノラマライナーサザンクロス
0%
キハ58・キハ65 九州 1988~1992 ジョイフルトレイン長崎
0%
キハ58 九州 1990~1993 ジョイフルトレイン大分
0%
キハ58・キハ65 九州 1992~1994 ジョイフルトレイン熊本
0%
キハ28・キハ58 九州 1993~1994 しらぬい
0%
キハ58・キハ65 九州 1988~1994 ふれあいGO
0%
キハ58 西日本 1986~2009 ふれあいSAN-IN
0%
キハ58 西日本 1987~2009 ほのぼのSAN-IN
0%
キハ58 九州 2002~2009 TORO-Q
0%
No matching quizzes found
Score Distribution
Percent of People with Each Score
Percentile by Number Answered
Your Score History
You have not taken this quiz since the last reset